Świąteczna potrawa z grzybami. - Statystyki

Ogólne statystyki
  • Ten quiz został rozwiązany 22 razy
  • Średni wynik to 2 z 7
Statystyki odpowiedzi
Hint Odpowiedź % Poprawnych
3. Pierogi
95%
2. Uszka
58%
1. Grzybowa
37%
6. Kapusta z grzybami.
37%
5. Paszteciki
11%
7. Sos grzybowy.
11%
4. Krokieciki
0%
Nie znaleziono quizów pasujących do podanych kryteriów
Rozkład punktacji
Procent ludzi z każdym wynikiem
Percentyl według liczby udzielonych odpowiedzi
Twoja historia wyników
Nie rozwiązałeś tego quizu